Elementary statistics in social research / (Record no. 146)
[ view plain ]
| 000 -LEADER | |
|---|---|
| fixed length control field | 00642pam a2200217 4500 |
| 001 - CONTROL NUMBER | |
| control field | 163 |
| 005 - DATE AND TIME OF LATEST TRANSACTION | |
| control field | 20181127160654.0 |
| 008 - FIXED-LENGTH DATA ELEMENTS--GENERAL INFORMATION | |
| fixed length control field | 050317s2006 mauab 001 0 eng |
| 010 ## - LIBRARY OF CONGRESS CONTROL NUMBER | |
| LC control number | 2005045947 |
| 020 ## - INTERNATIONAL STANDARD BOOK NUMBER | |
| International Standard Book Number | 0205459587 (casebound) |
| International Standard Book Number | 8131704025 |
| Terms of availability | |
| Canceled/invalid ISBN | |
| 100 1# - MAIN ENTRY--PERSONAL NAME | |
| Personal name | Levin, Jack, |
| Dates associated with a name | 1941- |
| 245 10 - TITLE STATEMENT | |
| Title | Elementary statistics in social research / |
| Statement of responsibility, etc. | Jack Levin, James Alan Fox. |
| 250 ## - EDITION STATEMENT | |
| Edition statement | 10th ed. |
| 260 ## - PUBLICATION, DISTRIBUTION, ETC. | |
| Place of publication, distribution, etc. | New Delhi : |
| Name of publisher, distributor, etc. | Pearson Education, |
| Date of publication, distribution, etc. | c2006. |
| 300 ## - PHYSICAL DESCRIPTION | |
| Extent | 528 p. : |
| Other physical details | ill., map ; |
| Dimensions | 25 cm. |
| 500 ## - GENERAL NOTE | |
| General note | Includes index. |
| 650 #0 - SUBJECT ADDED ENTRY--TOPICAL TERM | |
| Topical term or geographic name entry element | Social sciences |
| General subdivision | Statistical methods. |
| Topical term or geographic name entry element | Statistics. |
| 700 1# - ADDED ENTRY--PERSONAL NAME | |
| Personal name | Fox, James Alan. |
| Withdrawn status | Lost status | Source of classification or shelving scheme | Damaged status | Not for loan | Collection code | Home library | Current library | Shelving location | Date acquired | Cost, normal purchase price | Serial Enumeration / chronology | Inventory number | Full call number | Barcode | Date last seen | Copy number | Price effective from | Koha item type | Total Checkouts | Date last checked out | Total Renewals |
|---|---|---|---|---|---|---|---|---|---|---|---|---|---|---|---|---|---|---|---|---|---|
| Dewey Decimal Classification | Main TEST | RTC Library | RTC Library | Main opac | 15/04/2022 | 365.00 | 1815 | 300.72 LEV | 30002359 | 27/11/2018 | 1 | 27/11/2018 | Main | ||||||||
| Dewey Decimal Classification | Main TEST | RTC Library | RTC Library | Main opac | 15/04/2022 | 365.00 | 1224 | 300.72 LEV | 30005345 | 27/11/2018 | 2 | 27/11/2018 | Main | ||||||||
| Dewey Decimal Classification | Main TEST | RTC Library | RTC Library | Main opac | 15/04/2022 | 365.00 | 1225 | 300.72 LEV 2006 c.1 | 30002339 | 27/11/2018 | 1 | 27/11/2018 | Main | ||||||||
| Dewey Decimal Classification | Main TEST | RTC Library | RTC Library | Main opac | 15/04/2022 | 365.00 | 1228 | 300.72 LEV | 30005440 | 17/09/2019 | 5 | 27/11/2018 | Main | 1 | 03/09/2019 | ||||||
| Dewey Decimal Classification | Fac res | RTC Library | RTC Library | Faculty reserve | 23/12/2021 | 365.00 | 1227 | 300.72 LEV | 30005329 | 28/02/2022 | 6 | 27/11/2018 | Faculty Reserve | 1 | 22/04/2019 | 1 | |||||
| Dewey Decimal Classification | Main TEST | RTC Library | RTC Library | Main opac | 16/07/2020 | 14606 | 300.72 LEV | 30014612 | 16/07/2020 | 16/07/2020 | Main |